000
00173 a2200097 4500
020
_a
9780736431194
041
_a
eng
100
_a
Rabe,tish
245
_a
Frozen
942
_c
BK
999
_c
31867
_d
31865